00966cam a22002891 4500001001300000003000400013005001700017008004100034010001700075035001900092040004300111042001200154050001600166110004800182245002900230250002900259260002300288300002500311500006700336500003000403500004100433505011700474650002300591650001900614700002600633999001700659l 54000156 DLC20260227111544.0800418s1954 dcua s f000 0 eng c al 54000156  a(OCoLC)6218507 aU.S. Dept. of Labor. LibrarycOCldDLC apremarc00aHD8373b.U61 aUnited States.bBureau of Labor Statistics.10aLabor statistics series. a[Rev. as of latter 1952. aWashington]c1954. a9 v.billus.c27 cm. aAt head of title: Foreign and international labor information. aPrepared by Marion Hayes. aPreliminary ed. issued in June 1952.0 aBelgiuim.--Denmark.--France.--Germany (West) Rev. 1953.--Italy.--Netherlands.--Norway.--Sweden.--United Kingdom. 0aLaborvStatistics. 0aLaborzEurope.1 aHayes, Marion,d1897- c36857d36857